|
|
|
|
| LEADER |
00815nam a22002177a 4500 |
| 008 |
140421b xxu||||| |||| 00| 0 eng d |
| 020 |
|
|
|a 8126016426
|
| 082 |
|
|
|a 928.9417 SAN/RAJ
|
| 100 |
|
|
|a രാജേന്ദ്രന്, സി.
|
| 240 |
|
|
|a Sanjayan
|
| 245 |
|
|
|a സഞ്ജയന് /
|c സി. രാജേന്ദ്രന്.
|
| 250 |
|
|
|a 1st ed.
|
| 260 |
|
|
|a ന്യൂഡല്ഹി :
|b സാഹിത്യ അക്കാദമി,
|c 2003.
|
| 300 |
|
|
|a 113p.
|
| 600 |
|
|
|a Sanajayan
|
| 650 |
|
|
|a Biography
|
| 650 |
|
|
|a Monograph
|
| 700 |
|
|
|a Rajendran, C.
|
| 942 |
|
|
|2 ddc
|c BK
|
| 999 |
|
|
|c 6120
|d 6120
|
| 952 |
|
|
|0 0
|1 0
|2 ddc
|4 0
|6 928_941700000000000_SAN_RAJ
|7 0
|9 8814
|a MAIN
|b MAIN
|d 2014-04-21
|e Sahithya Akademi
|g 25.00
|l 4
|m 2
|o 928.9417 SAN/RAJ
|p 8419
|r 2017-07-26
|s 2017-06-23
|t 1
|w 2014-04-21
|y BK
|